000 00658nam a2200229Ia 4500
003 OSt
005 20251107161816.0
008 210210b2015 xxu||||| |||| 00| 0 eng d
020 _a9789382460305
040 _cAL
041 _aKannada
082 _aK894.9 KATM
100 _aKATYAYINI KUNJIBETTU
_dಕತ್ಯಾಯಿನಿ ಕುಂಜಿಬೆಟ್ಟು
_9244804
245 _aMoggina matu
_bಮೊಗ್ಗಿನ ಮಾತು
260 _aManipal
_bManipal University Press
_c2015
300 _axx,326
650 _aMoggina
_9244805
650 _amatu
_9244806
690 _aKannada Criticism
_9244807
906 _a070289
942 _2ddc
_cBK
999 _c119838
_d119838